Диагностика и лечение политравм мирного и военного времени (Запись № 13535667)

Подробности
000 -МАРКЕР
контрольное поле 02400nam0a2200373 4500
001 - ИДЕНТИФИКАТОР ЗАПИСИ
контрольное поле RU\NLR\BIBL_A\022653195
005 - ИДЕНТИФИКАТОР ВЕРСИИ
контрольное поле 20260121131855.0
010 ## - МЕЖДУНАРОДНЫЙ СТАНДАРТНЫЙ НОМЕР КНИГИ (ISBN)
Номер (ISBN) 978-5-6051963-3-4
Тираж 500
021 ## - НОМЕР ГОСУДАРСТВЕННОЙ РЕГИСТРАЦИИ
Код страны Российская Федерация
Номер КН-П-25-054567
Номер Листа государственной регистраци КН-П-25-5266
035 ## - ДРУГИЕ СИСТЕМНЫЕ НОМЕРА
Идентификатор записи (NLR Aleph) 022653195
100 ## - ДАННЫЕ ОБЩЕЙ ОБРАБОТКИ
Данные общей обработки 20251024d2025 k y0rusy50 ca
101 0# - ЯЗЫК РЕСУРСА
Язык текста, звукозаписи и т.д. русский
102 ## - СТРАНА ПУБЛИКАЦИИ ИЛИ ПРОИЗВОДСТВА
Страна публикации Российская Федерация
105 ## - ПОЛЕ КОДИРОВАННЫХ ДАННЫХ: ТЕКСТОВЫЕ МАТЕРИАЛЫ, МОНОГРАФИЧЕСКИЕ
Кодированные данные о монографическом текстовом документе ac zj 000yy
181 #0 - ПОЛЕ КОДИРОВАННЫХ ДАННЫХ: ВИД СОДЕРЖАНИЯ
Код вида содержания (ISBD) i
Код характеристики содержания (ISBD) axxe
182 #0 - ПОЛЕ КОДИРОВАННЫХ ДАННЫХ: ТИП СРЕДСТВА
Код типа средства (ISBD) n - непосредственное
200 1# - ЗАГЛАВИЕ И СВЕДЕНИЯ ОБ ОТВЕТСТВЕННОСТИ
Основное заглавие Диагностика и лечение политравм мирного и военного времени
Сведения, относящиеся к заглавию руководство для врачей
Первые сведения об ответственности И. Г. Лещенко, Е. П. Кривощеков, В. Е. Романов
Последующие сведения об ответственности Медицинский университет "Реавиз", Первый НИИ клинической геронтологии и реабилитации ветеранов войн Медицинского университета "Реавиз"
203 ## - ВИД СОДЕРЖАНИЯ И ТИП СРЕДСТВА
Вид содержания Текст
Дополнительные сведения об издании визуальный
Тип средства непосредственный
210 ## - ПУБЛИКАЦИЯ, РАСПРОСТРАНЕНИЕ И ДР.
Место издания, распространения и т.д. Самара
Имя издателя, распространителя и т. д. Гапонова Ирина Александровна
Дата издания, распространения и т.д. 2025
Имя издателя, распространителя и т. д. Реавиз
215 ## - ФИЗИЧЕСКАЯ ХАРАКТЕРИСТИКА
Специфическое обозначение материала и объем 269, [2] с.
Другие сведения о физической характеристике ил., табл., цв. ил., портр.
Размеры 21
300 ## - ОБЩИЕ ПРИМЕЧАНИЯ
Текст примечания На 1–3-й с. 1-й и 2-й авт.: Лещенко И. Г. – заслуж. врач РФ, д-р мед. наук, проф., Кривощеков Е. П. – заслуж. раб. здравоохранения РФ, заслуж. раб. здравоохранения Самарской обл., д-р мед. наук, проф.
320 ## - ПРИМЕЧАНИЯ О НАЛИЧИИ В ДОКУМЕНТЕ БИБЛИОГРАФИИ / УКАЗАТЕЛЯ
Текст примечания Библиогр.: с. 256–269 (283 назв.)
606 1# - НАИМЕНОВАНИЕ ТЕМЫ КАК ПРЕДМЕТ
Наименование темы Травмы комбинированные
Формальный подзаголовок Руководства, пособия и т.п
Системный номер авторитетной/нормативной записи 1441467
Идентификатор авторитетной/нормативной записи RU\NLR\AUTH\66299504
606 1# - НАИМЕНОВАНИЕ ТЕМЫ КАК ПРЕДМЕТ
Наименование темы Боевые травмы
Формальный подзаголовок Руководства, пособия и т.п
Системный номер авторитетной/нормативной записи 1165391
Идентификатор авторитетной/нормативной записи RU\NLR\AUTH\66149155
686 1# - ИНДЕКСЫ ДРУГИХ КЛАССИФИКАЦИЙ
Индекс Р458.14я77
686 1# - ИНДЕКСЫ ДРУГИХ КЛАССИФИКАЦИЙ
Индекс Р458.141я77
700 #1 - ИМЯ ЛИЦА - ПЕРВИЧНАЯ ОТВЕТСТВЕННОСТЬ
Начальный элемент ввода Лещенко
Часть имени, кроме начального элемента ввода И. Г.
Расширение инициалов личного имени Игорь Георгиевич
701 #1 - ИМЯ ЛИЦА - АЛЬТЕРНАТИВНАЯ ОТВЕТСТВЕННОСТЬ
Графика поля Кириллица
Материалы, к которым относится поле rus
Начальный элемент ввода Кривощеков
Часть имени, кроме начального элемента ввода Е. П.
Расширение инициалов личного имени Евгений Петрович
Системный номер авторитетной/нормативной записи 42210
Идентификатор авторитетной/нормативной записи RU\NLR\AUTH\7759278
701 #1 - ИМЯ ЛИЦА - АЛЬТЕРНАТИВНАЯ ОТВЕТСТВЕННОСТЬ
Графика поля Кириллица
Материалы, к которым относится поле rus
Начальный элемент ввода Романов
Часть имени, кроме начального элемента ввода В. Е.
Дополнения к именам, кроме дат д-р мед. наук
Расширение инициалов личного имени Владислав Евгеньевич
Системный номер авторитетной/нормативной записи 42230
Идентификатор авторитетной/нормативной записи RU\NLR\AUTH\7759298
942 ## - ДОПОЛНИТЕЛЬНЫЕ ЭЛЕМЕНТЫ ЗАПИСИ (АБИС)
Тип экземпляра АБИС Книга
980 ## - КОЛЛЕКЦИЯ
Название коллекции Национальная библиография

Нет доступных экземпляров.